000
00212 a2200097 4500
001
30234
100
_a
Hermann, P
245
_a
The world unveiled
260
_a
London
_b
Hamish Hamilton
_c
090
_c
20177
_d
20177
942
_a
NUST-CAE
_c
M
_c
11311
999
_c
265307
_d
265307